000 00943nam a2200253Ia 4500
003 OSt
005 20220923215327.0
006 a|||||r|||| 00| 0
007 ta
008 220922b |||||||| |||| 00| 0 hin d
024 _a177,793
037 _cTextual
040 _aARTS
_cARTS
_bhin
041 _2hin
_ahin
082 _aO152,1:gN7, M9
100 _aनान्देड़ी, नामदेव उतकर
245 0 _aआठवें दशक की हिन्दी कविता में सामाजिक बोध
246 _aĀṭhavean dashak kī hindī kavitā mean sāmājik bodha
260 _aकानपुर
_b अतुल प्रकाशन
_c1989
300 _a223 पृ.
_ccm.
650 _aहिन्दी साहित्य
_9156264
942 _hO152,1:gN7, M9
_cTEXL
_2CC
999 _c331181
_d331181